Fiscal policy and the predictability of exchange rate collapse
Na minha lista:
| Autor principal: | |
|---|---|
| Formato: | Livro |
| Idioma: | inglês |
| Publicado em: |
Washington
International Monetary Fund
1997
|
| Colecção: | IMF working paper
WP/97/133 |
| Assuntos: | |
| Tags: |
Sem tags, seja o primeiro a adicionar uma tag!
|
MARC
| LEADER | 00000nam a2200000 4500 | ||
|---|---|---|---|
| 001 | c100151 | ||
| 005 | 20221124074628.5 | ||
| 041 | 0 | |a eng | |
| 044 | |a US | ||
| 245 | 1 | 0 | |a Fiscal policy and the predictability of exchange rate collapse |c Prepared by Betty C. Daniel |
| 264 | 1 | |a Washington |b International Monetary Fund |c 1997 | |
| 300 | |a 18 s. | ||
| 490 | 1 | |a IMF working paper |v WP/97/133 | |
| 830 | 0 | |a IMF working paper |v WP/97/133 | |
| 610 | 2 | 0 | |a kurz výmenný |
| 610 | 2 | 0 | |a rozpočty |
| 610 | 2 | 0 | |a politika fiškálna |
| 610 | 2 | 0 | |a politika peňažná |
| 610 | 2 | 0 | |a trh peňažný |
| 610 | 2 | 0 | |a rovnováha trhová |
| 610 | 2 | 0 | |a modely |
| 610 | 2 | 0 | |a úver |
| 610 | 2 | 0 | |a kríza |
| 610 | 2 | 0 | |a kurz devízový |
| 610 | 2 | 0 | |a politika devízová |
| 100 | 1 | |a Daniel, Betty C. | |